[Event "Oberliga Ost A 2017 2018"]
[Site "Germany"]
[Date "2017.10.22"]
[Round "1.7"]
[White "Schaefer, Sven"]
[Black "Otikova, Elina"]
[Result "1-0"]
[WhiteElo "2001"]
[BlackElo "2054"]
[PlyCount "65"]
[EventDate "2017.10.22"]
[EventType "team-tourn"]
[EventCountry "GER"]
[WhiteTeam "Dessau SK"]
[BlackTeam "Loeberitz SG"]
[WhiteTeamCountry "GER"]
[BlackTeamCountry "GER"]

1. e4 e5 2. Nf3 Nc6 3. Bc4 Bc5 4. c3 Nf6 5. d3 d6 6. O-O a6 7. Bb3 Ba7 8. Re1
O-O 9. h3 Ne7 10. Nbd2 Ng6 11. Nf1 Re8 12. Ng3 Be6 13. Ng5 Bxb3 14. Qxb3 Qd7
15. Be3 d5 16. Bxa7 Rxa7 17. exd5 Nxd5 18. d4 Nh4 19. Rxe5 Rxe5 20. dxe5 c6 21.
Qc2 Ng6 22. Re1 Qe7 23. Nf3 Ra8 24. Nf5 Qd7 25. Rd1 Qc7 26. Qe4 Re8 27. Qg4
Ndf4 28. Rd7 Qb6 29. Nd6 Rf8 30. Rxb7 Qc5 31. Qf5 f6 32. Qd7 Nh5 33. Qe6+ 1-0

[Event "Oberliga Ost A 2017 2018"]
[Site "Germany"]
[Date "2017.10.22"]
[Round "1.8"]
[White "Boehm, Christian"]
[Black "Schneider, Jens Erik"]
[Result "1/2-1/2"]
[WhiteElo "2040"]
[BlackElo "1925"]
[PlyCount "26"]
[EventDate "2017.10.22"]
[EventType "team-tourn"]
[EventCountry "GER"]
[WhiteTeam "Loeberitz SG"]
[BlackTeam "Dessau SK"]
[WhiteTeamCountry "GER"]
[BlackTeamCountry "GER"]

1. e4 Nf6 2. Nc3 d5 3. exd5 Nxd5 4. Bc4 Nxc3 5. Qf3 e6 6. bxc3 Nd7 7. d4 Qf6 8.
Qe4 Qg6 9. Bd3 Qxe4+ 10. Bxe4 Nf6 11. Bf3 Bd6 12. Rb1 c6 13. Ne2 e5 1/2-1/2

[Event "Oberliga Ost A 2017 2018"]
[Site "Germany"]
[Date "2017.10.22"]
[Round "1.1"]
[White "Zwahr, Paul"]
[Black "Moehn, Hans"]
[Result "0-1"]
[WhiteElo "2306"]
[BlackElo "2368"]
[PlyCount "62"]
[EventDate "2017.10.22"]
[EventType "team-tourn"]
[EventCountry "GER"]
[WhiteTeam "Dresden SG Gruen Weiss"]
[BlackTeam "Dresden USV TU II"]
[WhiteTeamCountry "GER"]
[BlackTeamCountry "GER"]

1. d4 Nf6 2. Bf4 g6 3. Nf3 Bg7 4. e3 d6 5. Be2 O-O 6. O-O Nfd7 7. h3 e5 8. Bg5
f6 9. Bh4 Nc6 10. Nc3 Nb6 11. Re1 Qe7 12. a4 a5 13. Bg3 Nb4 14. e4 Be6 15. Qd2
Rfd8 16. Bf1 c6 17. Nd1 Qf7 18. Qc1 Bc4 19. Bxc4 Qxc4 20. Ne3 Qf7 21. Qd1 d5
22. exd5 e4 23. Nd2 cxd5 24. Nb3 Nc4 25. Qe2 f5 26. Bf4 Nxb2 27. Qb5 Nc4 28.
Rec1 b6 29. Nxc4 dxc4 30. Nd2 Rac8 31. Bg5 Rd5 0-1

[Event "Oberliga Ost A 2017 2018"]
[Site "Germany"]
[Date "2017.10.22"]
[Round "1.2"]
[White "Wegener, Dirk"]
[Black "Siedentopf, Daniel"]
[Result "1/2-1/2"]
[WhiteElo "2373"]
[BlackElo "2268"]
[PlyCount "47"]
[EventDate "2017.10.22"]
[EventType "team-tourn"]
[EventCountry "GER"]
[WhiteTeam "Dresden USV TU II"]
[BlackTeam "Dresden SG Gruen Weiss"]
[WhiteTeamCountry "GER"]
[BlackTeamCountry "GER"]

1. e4 e6 2. d4 d5 3. Nc3 Bb4 4. e5 c5 5. a3 Bxc3+ 6. bxc3 Ne7 7. Nf3 h6 8. a4
O-O 9. Bd3 Nec6 10. O-O b6 11. Be3 Nd7 12. c4 Re8 13. cxd5 exd5 14. Re1 Bb7 15.
c3 Rc8 16. Ra2 Na5 17. Qb1 Nf8 18. dxc5 bxc5 19. Rb2 Ba8 20. Ba6 Rc7 21. Nd2
Qg5 22. Nf3 Qd8 23. Nd2 Qg5 24. Nf3 1/2-1/2

[Event "Oberliga Ost A 2017 2018"]
[Site "Germany"]
[Date "2017.10.22"]
[Round "1.4"]
[White "Gungl, Theo"]
[Black "Zimmermann, Rene"]
[Result "0-1"]
[WhiteElo "2279"]
[BlackElo "2173"]
[PlyCount "86"]
[EventDate "2017.10.22"]
[EventType "team-tourn"]
[EventCountry "GER"]
[WhiteTeam "Dresden USV TU II"]
[BlackTeam "Dresden SG Gruen Weiss"]
[WhiteTeamCountry "GER"]
[BlackTeamCountry "GER"]

1. e4 e6 2. d4 d5 3. Nd2 Nf6 4. e5 Nfd7 5. Bd3 c5 6. c3 Nc6 7. Ne2 cxd4 8. cxd4
f6 9. exf6 Nxf6 10. Nf3 Bd6 11. O-O Qc7 12. g3 O-O 13. Bf4 Ng4 14. Rc1 e5 15.
dxe5 Ngxe5 16. Nxe5 Bxe5 17. Nc3 Be6 18. Qh5 g6 19. Bxe5 Nxe5 20. Qe2 Bg4 21.
Qe3 d4 22. Qe4 dxc3 23. Rxc3 Qd6 24. Bc4+ Nxc4 25. Qxg4 Nd2 26. Rd1 Rad8 27.
Rdc1 Qd5 28. f4 Qd4+ 29. Kg2 Qe4+ 30. Kh3 Rd5 31. Rc5 h5 32. Qc8 Rd3 33. Qc7
Rxf4 34. Qb8+ Rf8 35. Rc8 Rdf3 36. Qd6 Qf5+ 37. Kg2 Rf2+ 38. Kg1 Rf1+ 39. Kg2
Rxc8 40. Rxc8+ Qxc8 41. Qxg6+ Kf8 42. Qd6+ Kg7 43. Qxd2 Rf5 0-1

[Event "Oberliga Ost A 2017 2018"]
[Site "Germany"]
[Date "2017.10.22"]
[Round "1.5"]
[White "Hutsch, Oliver"]
[Black "Salzmann, Peter"]
[Result "0-1"]
[WhiteElo "2161"]
[BlackElo "2139"]
[PlyCount "76"]
[EventDate "2017.10.22"]
[EventType "team-tourn"]
[EventCountry "GER"]
[WhiteTeam "Dresden SG Gruen Weiss"]
[BlackTeam "Dresden USV TU II"]
[WhiteTeamCountry "GER"]
[BlackTeamCountry "GER"]

1. d4 d5 2. c4 e6 3. Nc3 Nf6 4. g3 c6 5. Bg2 Bb4 6. a3 Be7 7. Nf3 Nbd7 8. Nd2
O-O 9. O-O dxc4 10. Nxc4 c5 11. dxc5 Nxc5 12. Qc2 Qd4 13. Nb5 Qg4 14. b4 Bd7
15. Ne3 Qh5 16. Nc3 Na6 17. Bxb7 Nc7 18. Bf3 Qh3 19. Ne4 Rac8 20. Nc5 Ncd5 21.
Nxd5 exd5 22. Be3 Ng4 23. Bxg4 Bxg4 24. Rac1 Rc6 25. Qd2 Rg6 26. Nd3 d4 27. Nf4
dxe3 28. fxe3 Qh6 29. Nxg6 hxg6 30. Rc4 Bg5 31. Re4 Rd8 32. Qc3 Bf5 33. Re5 Bf6
34. Qc7 Rf8 35. Rf4 Bxe5 36. Qxe5 Qh5 37. e4 Qxe2 38. Qd4 Rc8 0-1

[Event "Oberliga Ost A 2017 2018"]
[Site "Germany"]
[Date "2017.10.22"]
[Round "1.6"]
[White "Verhulst, Nicolaas"]
[Black "Nake, Matthias"]
[Result "1/2-1/2"]
[WhiteElo "2070"]
[BlackElo "2170"]
[PlyCount "133"]
[EventDate "2017.10.22"]
[EventType "team-tourn"]
[EventCountry "GER"]
[WhiteTeam "Dresden USV TU II"]
[BlackTeam "Dresden SG Gruen Weiss"]
[WhiteTeamCountry "GER"]
[BlackTeamCountry "GER"]

1. e4 c5 2. Nf3 Nc6 3. c3 d5 4. exd5 Qxd5 5. d4 Bg4 6. Be2 Nf6 7. h3 Bf5 8. Na3
e6 9. Nb5 Qd8 10. Bf4 Nd5 11. Bg3 a6 12. Na3 cxd4 13. Nxd4 Bxa3 14. Nxc6 bxc6
15. bxa3 Nxc3 16. Qc1 Qa5 17. Bc7 Qxc7 18. Qxc3 O-O 19. Bf3 Rac8 20. Qc5 Rfd8
21. O-O Qf4 22. Rad1 Bd3 23. Rfe1 Qc4 24. Rc1 Qxc5 25. Rxc5 Bb5 26. Rec1 Rd6
27. Bd1 Bd3 28. Bf3 Bb5 29. Bd1 Rd5 30. a4 Rxc5 31. Rxc5 Bd3 32. Bf3 Kf8 33.
Rc3 Bb1 34. Be2 a5 35. Rc5 Bxa2 36. Kf1 Bd5 37. Rxa5 c5 38. g3 Ke7 39. Ra7+ Kf6
40. Ba6 Ra8 41. Rxa8 Bxa8 42. Ke2 Ke5 43. Kd3 Bd5 44. Bb5 Kd6 45. h4 f6 46. a5
Kc7 47. Kc3 h6 48. Kd3 g5 49. Ke3 Kd6 50. Kd3 f5 51. Bc4 f4 52. hxg5 hxg5 53.
gxf4 gxf4 54. Bb5 e5 55. Kc3 e4 56. Ba6 Kc6 57. Bf1 f3 58. Ba6 Kd6 59. Bf1 Ke5
60. Bh3 Kf4 61. Kd2 Bb7 62. Bf1 Bd5 63. Bb5 c4 64. a6 Ke5 65. Ke3 c3 66. Ba4
Ba8 67. Bb3 1/2-1/2

[Event "Oberliga Ost A 2017 2018"]
[Site "Germany"]
[Date "2017.10.22"]
[Round "1.8"]
[White "Schmalhofer, Adam"]
[Black "Butscher, Daniel"]
[Result "1-0"]
[WhiteElo "2058"]
[BlackElo "2144"]
[PlyCount "55"]
[EventDate "2017.10.22"]
[EventType "team-tourn"]
[EventCountry "GER"]
[WhiteTeam "Dresden USV TU II"]
[BlackTeam "Dresden SG Gruen Weiss"]
[WhiteTeamCountry "GER"]
[BlackTeamCountry "GER"]

1. d4 Nf6 2. c4 e6 3. Nc3 Bb4 4. f3 c5 5. d5 b5 6. e4 O-O 7. e5 Ne8 8. f4 exd5
9. cxd5 d6 10. Bxb5 dxe5 11. Nge2 Qh4+ 12. g3 Qh3 13. fxe5 Nc7 14. Bc4 Qg2 15.
Rf1 Bh3 16. Rg1 Qxh2 17. Be3 Nd7 18. Qb3 Bxc3+ 19. Qxc3 Bg4 20. O-O-O Bxe2 21.
Qc2 Qh5 22. Bxe2 Qxe5 23. Bf4 Qf6 24. Bxc7 Rac8 25. Ba5 c4 26. Bc3 Qa6 27. Rh1
g6 28. Rxh7 1-0

[Event "Oberliga Ost A 2017 2018"]
[Site "Germany"]
[Date "2017.10.22"]
[Round "1.1"]
[White "Puls, Thomas"]
[Black "Schmidt Schaeffer, Sebastian"]
[Result "1/2-1/2"]
[WhiteElo "2220"]
[BlackElo "2373"]
[PlyCount "70"]
[EventDate "2017.10.22"]
[EventType "team-tourn"]
[EventCountry "GER"]
[WhiteTeam "Halle USV"]
[BlackTeam "Naumburger SV"]
[WhiteTeamCountry "GER"]
[BlackTeamCountry "GER"]

1. e4 e6 2. d4 d5 3. Nd2 c5 4. exd5 Qxd5 5. Ngf3 cxd4 6. Bc4 Qd6 7. Qe2 Nf6 8.
O-O Nc6 9. Nb3 a6 10. a4 Be7 11. Rd1 e5 12. c3 Bg4 13. h3 Bxf3 14. Qxf3 O-O 15.
cxd4 exd4 16. Nxd4 Nxd4 17. Qc3 Rad8 18. Be3 Nf3+ 19. gxf3 Qc6 20. Kg2 Rxd1 21.
Rxd1 Qxa4 22. Rd4 Qc6 23. Bg5 h6 24. Bh4 Rd8 25. Qd3 Rxd4 26. Qxd4 g5 27. Bg3
Qc5 28. Qd3 Kg7 29. Qb3 Qb4 30. Bxf7 Qxb3 31. Bxb3 Nh5 32. Be6 Nxg3 33. fxg3 b6
34. f4 gxf4 35. gxf4 Kf6 1/2-1/2

[Event "Oberliga Ost A 2017 2018"]
[Site "Germany"]
[Date "2017.10.22"]
[Round "1.2"]
[White "Heinrich, Julius Tobias"]
[Black "Hoepfl, Thomas"]
[Result "1/2-1/2"]
[WhiteElo "2129"]
[BlackElo "2276"]
[PlyCount "78"]
[EventDate "2017.10.22"]
[EventType "team-tourn"]
[EventCountry "GER"]
[WhiteTeam "Naumburger SV"]
[BlackTeam "Halle USV"]
[WhiteTeamCountry "GER"]
[BlackTeamCountry "GER"]

1. e4 e5 2. Nf3 Nc6 3. d4 exd4 4. Bc4 Bc5 5. c3 Nf6 6. e5 d5 7. Bb5 Ne4 8. cxd4
Bb6 9. Be3 O-O 10. Bxc6 bxc6 11. Nbd2 c5 12. O-O Ba6 13. Re1 cxd4 14. Nxd4 Nxd2
15. Qxd2 c5 16. Bg5 Qd7 17. Nc2 d4 18. Re3 Qe6 19. Rg3 Kh8 20. Re1 Bb7 21. b3
Rac8 22. Na3 Ba6 23. h4 Bd8 24. h5 Bxg5 25. Qxg5 Rg8 26. Qd2 h6 27. f4 Rge8 28.
Qa5 Qb6 29. Qd2 Qb4 30. Nb1 Qxd2 31. Nxd2 c4 32. bxc4 Bxc4 33. Ne4 Rc6 34. Rc1
d3 35. Nd2 Rec8 36. Rxc4 Rxc4 37. Nxc4 Rxc4 38. Rxd3 Rxf4 39. Ra3 Rf5 1/2-1/2

[Event "Oberliga Ost A 2017 2018"]
[Site "Germany"]
[Date "2017.10.22"]
[Round "1.3"]
[White "Becker, Michael"]
[Black "Gering, Samuel"]
[Result "1-0"]
[WhiteElo "2286"]
[BlackElo "2087"]
[PlyCount "61"]
[EventDate "2017.10.22"]
[EventType "team-tourn"]
[EventCountry "GER"]
[WhiteTeam "Halle USV"]
[BlackTeam "Naumburger SV"]
[WhiteTeamCountry "GER"]
[BlackTeamCountry "GER"]

1. e4 g6 2. d4 Bg7 3. Nc3 d6 4. Be3 a6 5. Qd2 Nd7 6. O-O-O b5 7. h4 Bb7 8. h5
b4 9. Nd5 c5 10. h6 Bf8 11. dxc5 dxc5 12. Bc4 e6 13. Bg5 Qc8 14. Qf4 Bxd5 15.
exd5 e5 16. Qh4 Bd6 17. Nh3 f6 18. f4 e4 19. f5 gxf5 20. Qh5+ Kd8 21. Bf4 Ne5
22. Bxe5 fxe5 23. Ng5 Ne7 24. g4 f4 25. Nxe4 Kc7 26. Qf7 Qxg4 27. Nxd6 Kxd6 28.
Qf6+ Kd7 29. d6 Ng6 30. Qf7+ Kd8 31. Qc7+ 1-0

[Event "Oberliga Ost A 2017 2018"]
[Site "Germany"]
[Date "2017.10.22"]
[Round "1.4"]
[White "Fritsch, Andreas"]
[Black "Reipsch, Jens"]
[Result "0-1"]
[WhiteElo "2102"]
[BlackElo "2242"]
[PlyCount "68"]
[EventDate "2017.10.22"]
[EventType "team-tourn"]
[EventCountry "GER"]
[WhiteTeam "Naumburger SV"]
[BlackTeam "Halle USV"]
[WhiteTeamCountry "GER"]
[BlackTeamCountry "GER"]

1. Nf3 d5 2. e3 Nf6 3. c4 e6 4. Nc3 c6 5. d4 Bd6 6. Qc2 Nbd7 7. Bd2 O-O 8. cxd5
exd5 9. Bd3 Re8 10. g4 Ne4 11. g5 Qe7 12. h4 Nf8 13. Ng1 a5 14. a3 Bd7 15. Nge2
b5 16. Bc1 Qe6 17. f3 Nxc3 18. bxc3 c5 19. Qa2 c4 20. Bb1 Rab8 21. Kf2 Bc6 22.
Qc2 b4 23. axb4 axb4 24. cxb4 Rxb4 25. Qf5 Qe7 26. Bc2 g6 27. Qh3 Rb2 28. Bd1
c3 29. Ba4 Bxa4 30. Rxa4 Rc2 31. Re1 Bf4 32. Kf1 Bxe3 33. Qg3 Bxc1 34. Nxc1
Qxe1+ 0-1

[Event "Oberliga Ost A 2017 2018"]
[Site "Germany"]
[Date "2017.10.22"]
[Round "1.5"]
[White "Hartge, Gedeon"]
[Black "Haertig, Jens"]
[Result "1-0"]
[WhiteElo "2144"]
[BlackElo "2140"]
[PlyCount "101"]
[EventDate "2017.10.22"]
[EventType "team-tourn"]
[EventCountry "GER"]
[WhiteTeam "Halle USV"]
[BlackTeam "Naumburger SV"]
[WhiteTeamCountry "GER"]
[BlackTeamCountry "GER"]

1. d4 Nf6 2. c4 g6 3. f3 Bg7 4. e4 d6 5. Nc3 O-O 6. Nge2 c5 7. d5 e6 8. Ng3
exd5 9. cxd5 h5 10. Be2 a6 11. a4 Nbd7 12. Bg5 Qb6 13. Qd2 Nh7 14. a5 Qb4 15.
Be7 Re8 16. Bxd6 h4 17. Nf1 f5 18. Qc2 b5 19. axb6 Qxb6 20. Bf4 Qf6 21. Be3 Rb8
22. Nd2 h3 23. g3 g5 24. O-O f4 25. Bf2 Nhf8 26. g4 Ng6 27. Ra3 Nh4 28. Rfa1
Ng2 29. Nc4 Ne5 30. Nxe5 Qxe5 31. Bxa6 Ne3 32. Qe2 Bd7 33. Bd3 Kh8 34. Ra7 Red8
35. R1a2 Rb4 36. Ra8 Rdb8 37. Rxb8+ Qxb8 38. Nd1 c4 39. Bb1 Nxd1 40. Qxd1 c3
41. e5 Rxb2 42. Rxb2 Qxb2 43. e6 Ba4 44. e7 Qd2 45. Bc2 Qxd1+ 46. Bxd1 Bb5 47.
d6 Be5 48. Bc5 Kg7 49. Bb3 Be8 50. Kf2 Bb5 51. Ke1 1-0

[Event "Oberliga Ost A 2017 2018"]
[Site "Germany"]
[Date "2017.10.22"]
[Round "1.6"]
[White "Wendling, Florian"]
[Black "Altstadt, Karl Simon"]
[Result "1-0"]
[WhiteElo "1998"]
[BlackElo "2004"]
[PlyCount "151"]
[EventDate "2017.10.22"]
[EventType "team-tourn"]
[EventCountry "GER"]
[WhiteTeam "Naumburger SV"]
[BlackTeam "Halle USV"]
[WhiteTeamCountry "GER"]
[BlackTeamCountry "GER"]

1. e4 c5 2. Nc3 e6 3. Bc4 a6 4. a4 b6 5. Nf3 Bb7 6. d4 cxd4 7. Nxd4 Qc7 8. Qe2
Bc5 9. Nb3 Bb4 10. O-O Nc6 11. Na2 Nf6 12. Nxb4 Nxb4 13. c3 Rc8 14. Nd2 Nc6 15.
f4 O-O 16. Bd3 e5 17. Nc4 b5 18. axb5 axb5 19. Nxe5 Nxe5 20. fxe5 Qxe5 21. Rf5
Qe6 22. e5 Nd5 23. Bd2 Ne7 24. Rh5 Ng6 25. Re1 Rc5 26. b4 Rcc8 27. Bxb5 f6 28.
exf6 Qxf6 29. Rf1 Qb6+ 30. Be3 Rxf1+ 31. Kxf1 Qf6+ 32. Kg1 Nf4 33. Bxf4 Qxf4
34. Re5 Qc1+ 35. Qf1 Qxc3 36. Re7 Qd4+ 37. Kh1 Qf6 38. Qxf6 gxf6 39. h3 Rc1+
40. Kh2 Rc2 41. Bf1 Rd2 42. b5 h6 43. Re2 Rxe2 44. Bxe2 d5 45. Kg3 Kf7 46. Kf4
Ke6 47. Bd3 Ke7 48. g3 Kf7 49. h4 Ba8 50. Bf5 Bb7 51. Ke3 Ke7 52. Kd4 Kd6 53.
Bg4 Ba8 54. Bc8 Kc7 55. Be6 Kd6 56. Bf7 Bb7 57. Be8 Ba8 58. b6 Bb7 59. Bb5 f5
60. Be8 Bc8 61. Bf7 Bb7 62. Bg8 Ba8 63. Bh7 Kc6 64. Bxf5 Kxb6 65. Be6 Bc6 66.
Bxd5 Be8 67. Ke5 Kc7 68. Kf6 Kd6 69. Bf3 Kc5 70. Kg7 Kd4 71. Kxh6 Ke3 72. Ba8
Kf2 73. g4 Kg3 74. Kg5 Bd7 75. h5 Bxg4 76. h6 1-0

[Event "Oberliga Ost A 2017 2018"]
[Site "Germany"]
[Date "2017.10.22"]
[Round "1.7"]
[White "Schulte, Felix"]
[Black "Muekke, Jens Frieder"]
[Result "1-0"]
[WhiteElo "1967"]
[BlackElo "1993"]
[PlyCount "77"]
[EventDate "2017.10.22"]
[EventType "team-tourn"]
[EventCountry "GER"]
[WhiteTeam "Halle USV"]
[BlackTeam "Naumburger SV"]
[WhiteTeamCountry "GER"]
[BlackTeamCountry "GER"]

1. d4 d5 2. c4 e6 3. Nc3 Nf6 4. Bg5 Be7 5. cxd5 exd5 6. e3 O-O 7. Bd3 c6 8. Qc2
h6 9. Bh4 b6 10. Nf3 Nbd7 11. h3 Bb7 12. g4 c5 13. Rg1 Ne4 14. Bxe7 Qxe7 15.
O-O-O cxd4 16. Nxd4 Nxc3 17. bxc3 Rfc8 18. Kb1 Ne5 19. f4 Nxd3 20. Qxd3 Qa3 21.
Rc1 Ba6 22. Qd2 Qe7 23. g5 h5 24. f5 g6 25. Ka1 Bc4 26. Nf3 Qe4 27. Nd4 Re8 28.
Rg3 Rac8 29. Rf3 Rc5 30. fxg6 fxg6 31. Qf2 Bxa2 32. Rf1 Qe7 33. Rf7 Qd6 34. Rf6
Qe7 35. Rf7 Qd6 36. Rf6 Qe7 37. Rxg6+ Kh8 38. Qf3 Qh7 39. Qf6+ 1-0

[Event "Oberliga Ost A 2017 2018"]
[Site "Germany"]
[Date "2017.10.22"]
[Round "1.8"]
[White "Will, Matthias"]
[Black "Luther, Juergen"]
[Result "1-0"]
[WhiteElo "2025"]
[BlackElo "2157"]
[PlyCount "99"]
[EventDate "2017.10.22"]
[EventType "team-tourn"]
[EventCountry "GER"]
[WhiteTeam "Naumburger SV"]
[BlackTeam "Halle USV"]
[WhiteTeamCountry "GER"]
[BlackTeamCountry "GER"]

1. Nf3 d5 2. g3 c5 3. c4 Nf6 4. Bg2 Nc6 5. O-O d4 6. d3 e5 7. e3 dxe3 8. Bxe3
Bf5 9. Qb3 Qb6 10. Rd1 Rd8 11. Nc3 Be7 12. Qxb6 axb6 13. Nd5 Nxd5 14. cxd5 Nb4
15. Nxe5 Nxd5 16. d4 O-O 17. Nc4 b5 18. dxc5 Nxe3 19. Nxe3 Be6 20. b4 Bf6 21.
Rac1 Rb8 22. Nd5 Rfc8 23. Nxf6+ gxf6 24. a3 Rc7 25. Bf1 Bd7 26. Rd6 Kg7 27. Rb6
Ra8 28. Rc3 Re8 29. Re3 Rd8 30. Rd6 Rdc8 31. Red3 Bc6 32. Bg2 Be8 33. Kf1 Ra8
34. Ke2 Re7+ 35. Kd2 Rc8 36. Bh3 Ra8 37. Bg2 Rc8 38. Rd8 Rcc7 39. Re3 Red7+ 40.
Rxd7 Bxd7 41. Be4 h6 42. Rf3 Be6 43. Rd3 Bc4 44. Rd6 Be6 45. Bd3 Bd7 46. Rb6
Bc6 47. Bxb5 Rd7+ 48. Kc3 Bxb5 49. Rxb5 Kg6 50. h3 1-0

[Event "Oberliga Ost A 2017 2018"]
[Site "Germany"]
[Date "2017.10.22"]
[Round "1.2"]
[White "Schunk, Thomas"]
[Black "Hoffmann, Hendrik"]
[Result "1/2-1/2"]
[WhiteElo "2152"]
[BlackElo "2298"]
[PlyCount "38"]
[EventDate "2017.10.22"]
[EventType "team-tourn"]
[EventCountry "GER"]
[WhiteTeam "Leipzig SG II"]
[BlackTeam "Leipzig SG"]
[WhiteTeamCountry "GER"]
[BlackTeamCountry "GER"]

1. c4 e6 2. g3 d5 3. Bg2 Nf6 4. Nf3 c5 5. O-O Be7 6. d4 O-O 7. dxc5 Bxc5 8. Qc2
Qe7 9. a3 a5 10. b3 d4 11. Ne5 Bd6 12. Nd3 e5 13. c5 Bc7 14. Bb2 Bf5 15. Bxb7
Ra7 16. Bg2 Na6 17. Qc4 Be6 18. Qc2 Bf5 19. Qc4 Be6 1/2-1/2

[Event "Oberliga Ost A 2017 2018"]
[Site "Germany"]
[Date "2017.10.22"]
[Round "1.3"]
[White "Boehnisch, Manfred"]
[Black "Weitzer, Steffen"]
[Result "0-1"]
[WhiteElo "2297"]
[BlackElo "2236"]
[PlyCount "70"]
[EventDate "2017.10.22"]
[EventType "team-tourn"]
[EventCountry "GER"]
[WhiteTeam "Leipzig SG"]
[BlackTeam "Leipzig SG II"]
[WhiteTeamCountry "GER"]
[BlackTeamCountry "GER"]

1. Nf3 g6 2. d4 Nf6 3. c3 Bg7 4. Bg5 c6 5. Nbd2 d5 6. e3 O-O 7. Bd3 Qb6 8. b4
Nbd7 9. O-O Re8 10. Bf4 Nh5 11. Re1 a5 12. a3 f6 13. g4 Nxf4 14. exf4 axb4 15.
axb4 Rxa1 16. Qxa1 Qc7 17. f5 Qf4 18. fxg6 hxg6 19. h3 Nf8 20. Re3 e5 21. Qe1
e4 22. Nh4 Qh6 23. f3 f5 24. fxe4 fxe4 25. Bf1 Bf6 26. Nhf3 Ne6 27. Ne5 Bg5 28.
Re2 Bh4 29. Qd1 Rf8 30. Nb3 Nf4 31. Ra2 Nxh3+ 32. Bxh3 Qe3+ 33. Kg2 Qg3+ 34.
Kh1 Qxh3+ 35. Kg1 Bg5 0-1

[Event "Oberliga Ost A 2017 2018"]
[Site "Germany"]
[Date "2017.10.22"]
[Round "1.4"]
[White "Heistermann, Till"]
[Black "Roesemann, Rainer"]
[Result "0-1"]
[WhiteElo "2155"]
[BlackElo "2208"]
[PlyCount "148"]
[EventDate "2017.10.22"]
[EventType "team-tourn"]
[EventCountry "GER"]
[WhiteTeam "Leipzig SG II"]
[BlackTeam "Leipzig SG"]
[WhiteTeamCountry "GER"]
[BlackTeamCountry "GER"]

1. g3 e5 2. c4 Nc6 3. Bg2 Nf6 4. Nc3 Bc5 5. a3 a6 6. e3 d6 7. Nge2 Bf5 8. d3
Qd7 9. h3 h5 10. Nd5 Nxd5 11. cxd5 Ne7 12. d4 Bb6 13. dxe5 dxe5 14. Nc3 O-O-O
15. b4 e4 16. Bb2 f6 17. Nxe4 Nxd5 18. Nc3 Nxc3 19. Qxd7+ Rxd7 20. Bxc3 Bd3 21.
O-O-O h4 22. g4 Rhd8 23. Rd2 c5 24. bxc5 Bxc5 25. Kb2 b6 26. Rc1 Rc7 27. Rcd1
Rcd7 28. Rc1 Kb8 29. Bc6 Rd6 30. Bg2 Bb5 31. Rcd1 Kc7 32. Rxd6 Rxd6 33. Rc1 Kd7
34. Kb3 Be2 35. Bf1 Bd1+ 36. Kb2 a5 37. Bg2 a4 38. Be4 Be2 39. Bg2 Ke6 40. Rc2
Bd3 41. Rd2 g5 42. Bd4 Bb5 43. Bc3 Rxd2+ 44. Bxd2 Be2 45. f4 b5 46. Ka2 Be7 47.
Kb2 Bc4 48. Bc3 Bd6 49. f5+ Ke7 50. e4 Bc5 51. e5 fxe5 52. Bxe5 b4 53. axb4
Bxb4 54. Bd4 a3+ 55. Ka1 Kf7 56. Be5 Be7 57. Bd4 Bf6 58. Bxf6 Kxf6 59. Kb1 Ke5
60. Kc2 a2 61. Kb2 Kf4 62. Bc6 Kg3 63. Bd7 Kxh3 64. Be6 Bd3 65. Kxa2 Kg3 66.
Kb2 h3 67. Bd5 Kxg4 68. f6 Bg6 69. Kc3 Kg3 70. Kd4 Kf2 71. Ke5 g4 72. Kf4 g3
73. Kg5 Be8 74. Bc6 Bf7 0-1

[Event "Oberliga Ost A 2017 2018"]
[Site "Germany"]
[Date "2017.10.22"]
[Round "1.6"]
[White "Roemling, Sven"]
[Black "Schultz, Andreas"]
[Result "1/2-1/2"]
[WhiteElo "2154"]
[BlackElo "2215"]
[PlyCount "120"]
[EventDate "2017.10.22"]
[EventType "team-tourn"]
[EventCountry "GER"]
[WhiteTeam "Leipzig SG II"]
[BlackTeam "Leipzig SG"]
[WhiteTeamCountry "GER"]
[BlackTeamCountry "GER"]

1. Nf3 Nf6 2. c4 g6 3. Nc3 Bg7 4. e4 d6 5. d4 O-O 6. Be2 e5 7. O-O Na6 8. d5
Nc5 9. Qc2 a5 10. Ne1 Nfd7 11. Nd3 f5 12. f3 b6 13. Nf2 Nf6 14. b3 Bd7 15. Be3
f4 16. Bxc5 bxc5 17. a3 Qe7 18. b4 axb4 19. axb4 Rfb8 20. bxc5 dxc5 21. Rfb1
Bf8 22. Nd3 Qe8 23. Rxa8 Rxa8 24. Rb7 Bd6 25. Qb2 g5 26. g3 fxg3 27. hxg3 g4
28. Nf2 gxf3 29. Bxf3 Qg6 30. Rb8+ Rxb8 31. Qxb8+ Kg7 32. Ne2 Qg5 33. Qd8 Ba4
34. g4 Nxe4 35. Qa8 Bc2 36. Bxe4 Bxe4 37. Ng3 Bg6 38. Qc8 h5 39. Qd7+ Kh6 40.
Qc8 Kh7 41. Qd7+ Kh6 42. Qc8 Kg7 43. Qd7+ Kh6 44. Qc8 Kg7 45. Qd7+ Kf8 46. Qc8+
Be8 47. Nge4 Qg6 48. Kh2 hxg4 49. Kg3 Kg7 50. Nxc5 e4+ 51. Kg2 e3 52. Nfe4 Kh6
53. Qd8 Bxc5 54. Qh4+ Kg7 55. Nxc5 Bf7 56. Qe7 Qc2+ 57. Kg3 Qf2+ 58. Kxg4 Qg2+
59. Kf4 Qf2+ 60. Kg4 Qg2+ 1/2-1/2

[Event "Oberliga Ost A 2017 2018"]
[Site "Germany"]
[Date "2017.10.22"]
[Round "1.7"]
[White "Braun, Gottfried"]
[Black "Limpert, Michael"]
[Result "1/2-1/2"]
[WhiteElo "2220"]
[BlackElo "2185"]
[PlyCount "67"]
[EventDate "2017.10.22"]
[EventType "team-tourn"]
[EventCountry "GER"]
[WhiteTeam "Leipzig SG"]
[BlackTeam "Leipzig SG II"]
[WhiteTeamCountry "GER"]
[BlackTeamCountry "GER"]

1. e4 c6 2. c4 d5 3. exd5 cxd5 4. cxd5 Nf6 5. Nc3 Nxd5 6. Nf3 e6 7. d4 Be7 8.
Bd3 Nc6 9. O-O O-O 10. Re1 Ncb4 11. Bb1 Nf6 12. Bg5 b6 13. a3 Nbd5 14. Nxd5
Nxd5 15. Qc2 g6 16. Bh6 Re8 17. Ne5 Bb7 18. Qe4 Bg5 19. Qf3 f5 20. Bxg5 Qxg5
21. Bd3 Rac8 22. Qg3 Qxg3 23. hxg3 Re7 24. Rac1 Rxc1 25. Rxc1 Rc7 26. Rc4 Kf8
27. b4 Ke7 28. Kf1 Kd6 29. Ke1 Ba6 30. Rxc7 Nxc7 31. Bxa6 Nxa6 32. Kd2 Nc7 33.
Kd3 Kd5 34. Nc4 1/2-1/2

[Event "Oberliga Ost A 2017 2018"]
[Site "Germany"]
[Date "2017.10.22"]
[Round "1.8"]
[White "Hentze, Markus"]
[Black "Gempe, Thomas"]
[Result "1/2-1/2"]
[WhiteElo "2149"]
[BlackElo "2196"]
[PlyCount "96"]
[EventDate "2017.10.22"]
[EventType "team-tourn"]
[EventCountry "GER"]
[WhiteTeam "Leipzig SG II"]
[BlackTeam "Leipzig SG"]
[WhiteTeamCountry "GER"]
[BlackTeamCountry "GER"]

1. e4 e5 2. Nf3 Nc6 3. Bb5 a6 4. Ba4 Nf6 5. O-O Nxe4 6. Re1 Nc5 7. Bxc6 dxc6 8.
Nxe5 Be7 9. d4 Ne6 10. c3 O-O 11. b3 Bf6 12. Nd2 c5 13. dxc5 Nxc5 14. Ba3 Re8
15. Ndf3 Qxd1 16. Raxd1 Ne6 17. c4 b6 18. Ng4 Bd8 19. Ne3 Bb7 20. Nd5 c6 21.
Nf4 Be7 22. Bxe7 Nxf4 23. c5 Ne6 24. Bd6 bxc5 25. Rc1 Nd4 26. Nxd4 cxd4 27.
Red1 Rad8 28. Rxd4 Re2 29. a3 Rde8 30. h3 Rd8 31. Bc5 Rxd4 32. Bxd4 Rd2 33. Bc5
f6 34. Re1 Rd7 35. Re8+ Kf7 36. Rb8 Ke6 37. Re8+ Kd5 38. Re7 Rxe7 39. Bxe7 a5
40. Bd8 a4 41. bxa4 Ba6 42. f3 Kc4 43. Kf2 Kd3 44. Bb6 f5 45. f4 Ke4 46. g3 g6
47. h4 Kd3 48. Ba7 Bc4 1/2-1/2